Trồng hoa lan
Sách cung cấp kiến thức về các điều kiện cơ bản mà cây hoa lan sống như ánh sáng, nhiệt độ, ẩm độ, sự tưới nước, sự thông gió. Đồng thời trình bày kỹ thuật trồng, chăm sóc, bón phân, phòng ngừa sâu bệnh. Sách còn cung cấp hiểu bie...
保存先:
| 第一著者: | |
|---|---|
| フォーマット: | 図書 |
| 言語: | Undetermined |
| 出版事項: |
Tp. HCM
Trẻ
1998
|
| 主題: | |
| タグ: |
タグ追加
タグなし, このレコードへの初めてのタグを付けませんか!
|
| Thư viện lưu trữ: | Trung tâm Học liệu Trường Đại học Cần Thơ |
|---|
| LEADER | 01357nam a2200181Ia 4500 | ||
|---|---|---|---|
| 001 | CTU_23179 | ||
| 008 | 210402s9999 xx 000 0 und d | ||
| 082 | |a 635.9344 | ||
| 082 | |b Ngh307 | ||
| 100 | |a Nguyễn Công Nghiệp | ||
| 245 | 0 | |a Trồng hoa lan | |
| 245 | 0 | |c Nguyễn Công Nghiệp | |
| 260 | |a Tp. HCM | ||
| 260 | |b Trẻ | ||
| 260 | |c 1998 | ||
| 520 | |a Sách cung cấp kiến thức về các điều kiện cơ bản mà cây hoa lan sống như ánh sáng, nhiệt độ, ẩm độ, sự tưới nước, sự thông gió. Đồng thời trình bày kỹ thuật trồng, chăm sóc, bón phân, phòng ngừa sâu bệnh. Sách còn cung cấp hiểu biết mùa lan ra hoa và làm thế nào để lan trổ hoa; cũng như hiểu biết được sự phân bố lan rừng Việt Nam để dễ dàng sưu tầm chúng. Ngoài ra, sách còn cung cấp kiến thức về việc lai giống và gieo hạt lan trong điều kiện không cần phòng lạnh. Cuối cùng, sách giới thiệu đại cương về hình thái giải phẫu, sinh lý, sinh thái của họ lan | ||
| 650 | |a floriculture,orchids | ||
| 980 | |a Trung tâm Học liệu Trường Đại học Cần Thơ | ||